| 000 | 00639nam a2200217 u 4500 | ||
|---|---|---|---|
| 005 | 20240912063842.0 | ||
| 008 | 121003s2011 r 000 0 eng d | ||
| 020 | _a9786077689614 | ||
| 035 | _aUPN01000186982 | ||
| 049 | _aI | ||
| 050 | 4 |
_aPZ76.3 _bD6.36 |
|
| 100 | 1 |
_aDoumerc, Beatriz, _d1928- _931796 |
|
| 245 | 1 | 0 |
_aDos en apuros / _cBeatriz Doumerc ; il. Petra Steinmeyer. |
| 260 |
_aMéxico : _bEdebé, _c2011. |
||
| 300 |
_a73 p. : _bil. col. |
||
| 440 | 0 |
_aTucán azul. _p+6 años |
|
| 650 | 4 |
_aZORROS - _vCUENTOS Y LEYENDAS _921874 |
|
| 650 | 4 |
_aCuentos infantiles argentinos _97466 |
|
| 905 | _aInfantil | ||
| 999 |
_c159085 _d159085 |
||